| 000 | 00717nam a22002057a 4500 | ||
|---|---|---|---|
| 999 |
_c9062 _d9062 |
||
| 003 | AR-CdUCM | ||
| 008 | 190327b ||||| |||| 00| 0 spa d | ||
| 040 |
_aMUNICIPALIDAD PROVINCIAL DEL CUSCO _cBIBLIOTECA MUNICIPAL DEL CUSCO |
||
| 082 |
_a869.56 / _bZ47 |
||
| 100 |
_aZabaleta, Carlos Eduardo _925039 |
||
| 245 |
_aVestido de luto : _bCuentos / |
||
| 260 |
_aLima _bJuan Mejia Baca, _c1961 |
||
| 300 |
_a148 páginas ; _c17 cm. |
||
| 505 | _aContenido: Los hijos de Eugenio -- Venganza de indios -- Las dos cocineritas del rey -- El suelo es una flor -- Vestido de luto... | ||
| 650 |
_aCuentos peruanos _97 |
||
| 650 |
_aVenganza de indios _925040 |
||
| 650 |
_aPerú _935 |
||
| 942 |
_2ddc _cLIBROS |
||
| 945 | _adavv | ||